Welcome to CU Library Online Public Access Catalogue (OPAC)

Engineering Mechanics (Record no. 8441)

MARC details
000 -LEADER
fixed length control field 00454nam a22001457a 4500
005 - DATE AND TIME OF LATEST TRANSACTION
control field 20251129141157.0
008 - FIXED-LENGTH DATA ELEMENTS--GENERAL INFORMATION
fixed length control field 251129b |||||||| |||| 00| 0 eng d
020 ## - INTERNATIONAL STANDARD BOOK NUMBER
International Standard Book Number 9780131866744
050 ## - LIBRARY OF CONGRESS CALL NUMBER
Classification number TA349 HIB
100 ## - MAIN ENTRY--PERSONAL NAME
Personal name Hibbeler, R. C.
245 ## - TITLE STATEMENT
Title Engineering Mechanics
Remainder of title principles of statics
Statement of responsibility, etc. R. C. Hibbeler
260 ## - PUBLICATION, DISTRIBUTION, ETC.
Place of publication, distribution, etc. Upper Saddle River, New Jersey
Name of publisher, distributor, etc. Pearson Prentice Hall
Date of publication, distribution, etc. 2006
300 ## - PHYSICAL DESCRIPTION
Extent xv. 432p.
Other physical details ill. some color
Dimensions 23.5cm
942 ## - ADDED ENTRY ELEMENTS (KOHA)
Source of classification or shelving scheme Library of Congress Classification
Koha item type Books
Suppress in OPAC No
999 ## -
-- 8441
-- 8441
Holdings
Withdrawn status Lost status Source of classification or shelving scheme Damaged status Not for loan Collection Home library Current library Shelving location Date acquired Total checkouts Full call number Barcode Date last seen Copy number Price effective from Koha item type
    Library of Congress Classification     Non-fiction Science Library (Miotso) Science Library (Miotso) General stacks 11/29/2025   TA349 HIB SLM00006414 11/29/2025 1 11/29/2025 Books
© 2023-2024 Copyright: Central University Libraries. All Rights Reserved | Created by: Mahone Tech Office